[Event "Voronezh op-B 23rd"]
[Site "Voronezh"]
[Date "2019.06.18"]
[Round "7"]
[White "Mikheeva, Galina"]
[Black "Ioffe, Evgeny"]
[Result "0-1"]
[WhiteElo "1825"]
[BlackElo "2082"]
[PlyCount "144"]
[EventDate "2019.06.12"]
[EventType "swiss"]
[EventRounds "9"]
[EventCountry "RUS"]
[SourceTitle "EXT 2020"]
[Source "ChessBase"]
[SourceDate "2019.10.17"]
[SourceVersion "1"]
[SourceVersionDate "2019.10.17"]
[SourceQuality "1"]

1. e4 c6 2. d4 d5 3. e5 Bf5 4. h4 h5 5. Bd3 Bxd3 6. Qxd3 e6 7. Nf3 Qa5+ 8. Nbd2 Qa6 9. c4 Nd7 10. 0-0 Ne7 11. b3 Nf5 12. Bb2 Be7 13. g3 Rd8 14. Qc2 0-0 15. Rfc1 g6 16. a4 b6 17. a5 b5 18. cxd5 cxd5 19. Qc6 Nb8 20. Qxa6 Nxa6 21. Kf1 Rc8 22. Ke2 Nb4 23. Ne1 a6 24. Ndf3 Rfd8 25. Ba3 Kf8 26. Bb2 Ke8 27. Ba3 Kd7 28. Bb2 Rxc1 29. Bxc1 Rc8 30. Bd2 Rc6 31. Kd1 Rc7 32. Ke2 Kc8 33. Kd1 Kb7 34. Ke2 Rc8 35. Kd1 Nc6 36. Nc2 Bd8 37. b4 Bc7 38. Bc3 Bb8 39. Kd2 Ba7 40. Re1 Kc7 41. Kd3 Kd7 42. Re2 Nce7 43. Ng5 Ke8 44. Nf3 Kf8 45. Nd2 Nc6 46. Nf3 Kg7 47. Re1 Bb8 48. Re2 Re8 49. Re1 Nh6 50. Re2 Ng4 51. Ng5 Bc7 52. f4 Bd8 53. Nf3 Nh6 54. Rg2 Nf5 55. Rg1 f6 56. exf6+ Bxf6 57. Ne5 Bxe5 58. fxe5 Rf8 59. Ke2 Nce7 60. Kd3 Nh6 61. Ne3 Ng4 62. Rf1 Rxf1 63. Nxf1 Nf2+ 64. Ke2 Ne4 65. Bb2 Nc6 66. Kf3 Nxb4 67. Ne3 Nc6 68. Nc2 Nxa5 69. Nb4 Nc4 70. Bc1 a5 71. Nc6 Kf7 72. Nd8+ Ke7 0-1

[Event "Voronezh op-B 23rd"]
[Site "Voronezh"]
[Date "2019.06.16"]
[Round "5"]
[White "Eliseev, Sergey"]
[Black "Ioffe, Evgeny"]
[Result "1/2-1/2"]
[WhiteElo "1651"]
[BlackElo "2082"]
[PlyCount "76"]
[EventDate "2019.06.12"]
[EventType "swiss"]
[EventRounds "9"]
[EventCountry "RUS"]
[SourceTitle "EXT 2020"]
[Source "ChessBase"]
[SourceDate "2019.10.17"]
[SourceVersion "1"]
[SourceVersionDate "2019.10.17"]
[SourceQuality "1"]

1. d4 d5 2. Bf4 Nf6 3. e3 Bf5 4. Nf3 e6 5. c4 c6 6. Qb3 Qb6 7. c5 Qxb3 8. axb3 Nbd7 9. h3 Be7 10. b4 Bxb1 11. Rxb1 a6 12. Bd3 0-0 13. Nd2 Rfe8 14. Nb3 Bd8 15. f3 e5 16. dxe5 Nxe5 17. Be2 Ng6 18. Bg5 h6 19. Bxf6 Bxf6 20. Kf2 Re7 21. Rhe1 Rae8 22. Bf1 Ne5 23. g3 g6 24. Na5 g5 25. Nb3 Ng6 26. Bd3 Kg7 27. Nd4 Bxd4 28. exd4 Rxe1 29. Rxe1 Rxe1 30. Kxe1 Ne7 31. Ke2 f5 32. g4 Kf6 33. Ke3 Ke6 34. Ke2 Kf6 35. Ke3 Ke6 36. Ke2 Kf6 37. Ke3 Ke6 38. Ke2 Kf6 1/2-1/2

[Event "Voronezh op-B 23rd"]
[Site "Voronezh"]
[Date "2019.06.12"]
[Round "1"]
[White "Kuzmin, Vitaly"]
[Black "Ioffe, Evgeny"]
[Result "0-1"]
[WhiteElo "1700"]
[BlackElo "2082"]
[PlyCount "68"]
[EventDate "2019.06.12"]
[EventType "swiss"]
[EventRounds "9"]
[EventCountry "RUS"]
[SourceTitle "EXT 2020"]
[Source "ChessBase"]
[SourceDate "2019.10.17"]
[SourceVersion "1"]
[SourceVersionDate "2019.10.17"]
[SourceQuality "1"]

1. d4 d5 2. Bf4 Nf6 3. e3 Bf5 4. Nf3 e6 5. h3 Be7 6. Be2 0-0 7. 0-0 c5 8. c3 Nc6 9. dxc5 Bxc5 10. Bd3 Ne4 11. Bxe4 Bxe4 12. Nbd2 Bg6 13. Ne5 Nxe5 14. Bxe5 f6 15. Bg3 Qe7 16. Re1 Rfd8 17. Nb3 Bb6 18. Qe2 Rac8 19. Rad1 e5 20. Kh1 Qe8 21. f3 Qa4 22. Ra1 Qc4 23. Rad1 a5 24. Bf2 a4 25. Qxc4 dxc4 26. Na1 a3 27. bxa3 Ba5 28. Rxd8+ Rxd8 29. e4 Bxc3 30. Rc1 Bb2 31. Rb1 c3 32. Bb6 Rd6 33. Ba5 Bf7 34. Bb4 Rd7 0-1

[Event "Voronezh op-B 22nd"]
[Site "Voronezh"]
[Date "2018.06.17"]
[Round "6"]
[White "Ioffe, Evgeny"]
[Black "Sukhareva, Valentina"]
[Result "1-0"]
[WhiteElo "2079"]
[BlackElo "1847"]
[PlyCount "53"]
[EventDate "2018.06.12"]
[EventType "swiss"]
[EventRounds "9"]
[EventCountry "RUS"]
[SourceTitle "CBM 185 Extra"]
[Source "ChessBase"]
[SourceDate "2018.07.29"]
[SourceVersion "1"]
[SourceVersionDate "2018.07.29"]
[SourceQuality "1"]

1. e4 g6 2. d4 Bg7 3. Nc3 d6 4. f4 Nf6 5. Nf3 0-0 6. Bd3 Nbd7 7. e5 Ne8 8. Ne4 c5 9. c3 cxd4 10. cxd4 dxe5 11. dxe5 Nc5 12. Nxc5 Qa5+ 13. Kf2 Qxc5+ 14. Be3 Qd5 15. Qc2 Bg4 16. Be4 Qb5 17. Nd4 Qd7 18. h3 Be6 19. Nxe6 fxe6 20. Rhd1 Qb5 21. Kg1 Bh6 22. Rf1 Rd8 23. Rac1 Rd7 24. a4 Qb4 25. Bxg6 hxg6 26. Qxg6+ Bg7 27. Qxe6+ 1-0

[Event "Voronezh op-B 22nd"]
[Site "Voronezh"]
[Date "2018.06.15"]
[Round "4"]
[White "Ioffe, Evgeny"]
[Black "Kulpin, Dmitriy"]
[Result "1/2-1/2"]
[WhiteElo "2079"]
[BlackElo "1954"]
[PlyCount "97"]
[EventDate "2018.06.12"]
[EventType "swiss"]
[EventRounds "9"]
[EventCountry "RUS"]
[SourceTitle "CBM 185 Extra"]
[Source "ChessBase"]
[SourceDate "2018.07.29"]
[SourceVersion "1"]
[SourceVersionDate "2018.07.29"]
[SourceQuality "1"]

1. e4 c5 2. c3 Nf6 3. e5 Nd5 4. d4 cxd4 5. cxd4 e6 6. Nf3 d6 7. a3 Bd7 8. Bd3 Bc6 9. 0-0 Be7 10. Nc3 Nd7 11. exd6 Bxd6 12. Ne4 Be7 13. Bg5 0-0 14. Re1 Rc8 15. Qd2 Bxg5 16. Nexg5 h6 17. Ne4 Qc7 18. Rac1 Qf4 19. Qe2 Rfd8 20. h3 N5f6 21. g3 Qb8 22. Nc3 Qd6 23. Red1 Nd5 24. Ne4 Qb8 25. Nc5 Nxc5 26. dxc5 Nf6 27. Ne5 Bd5 28. b4 Bb3 29. Re1 Bd5 30. Qe3 Qc7 31. Nc4 Bxc4 32. Bxc4 a5 33. Bf1 Nd5 34. Qb3 axb4 35. axb4 Qe7 36. Bg2 Rc7 37. Rcd1 Qd7 38. Re5 Re8 39. Bf1 Qc6 40. Bg2 Rd7 41. Kh2 b6 42. Rc1 bxc5 43. Rxc5 Qb6 44. Re4 Red8 45. Rcc4 g6 46. b5 Rc7 47. Qc2 Rxc4 48. Rxc4 Kh7 49. Bxd5 1/2-1/2

[Event "Voronezh op-B 22nd"]
[Site "Voronezh"]
[Date "2018.06.14"]
[Round "3"]
[White "Napalkov, Vladimir Aleksandro"]
[Black "Ioffe, Evgeny"]
[Result "1/2-1/2"]
[WhiteElo "2005"]
[BlackElo "2079"]
[PlyCount "88"]
[EventDate "2018.06.12"]
[EventType "swiss"]
[EventRounds "9"]
[EventCountry "RUS"]
[SourceTitle "CBM 185 Extra"]
[Source "ChessBase"]
[SourceDate "2018.07.29"]
[SourceVersion "1"]
[SourceVersionDate "2018.07.29"]
[SourceQuality "1"]

1. e4 e5 2. Nf3 Nc6 3. Bc4 Bc5 4. d3 Nf6 5. 0-0 0-0 6. Nc3 h6 7. a3 Re8 8. h3 a6 9. Re1 d6 10. Be3 Bxe3 11. Rxe3 Nd4 12. Nd5 Ne6 13. d4 Nf4 14. dxe5 dxe5 15. Nxe5 Nxh3+ 16. Rxh3 Bxh3 17. Nxf7 Kxf7 18. Nxf6+ Kxf6 19. Qf3+ Kg6 20. Bf7+ Kh7 21. Bxe8 Qxe8 22. gxh3 Qe5 23. c3 Rd8 24. Qe3 Rf8 25. Re1 Rf6 26. Kg2 Rf4 27. Qg3 h5 28. Qd3 c6 29. Re2 Kh6 30. Kf1 Rf6 31. Qe3+ Kh7 32. Ke1 g5 33. Qd4 Qe6 34. e5 Rf7 35. Qd6 Re7 36. Qxe6 Rxe6 37. Kd2 Kg6 38. Kd3 Kf5 39. Kd4 g4 40. hxg4+ hxg4 41. a4 Kf4 42. Re3 a5 43. c4 Kf5 44. Re1 Kf4 1/2-1/2

[Event "Voronezh op-B 22nd"]
[Site "Voronezh"]
[Date "2018.06.13"]
[Round "2"]
[White "Ioffe, Evgeny"]
[Black "Leolko, Ljudmila"]
[Result "1-0"]
[WhiteElo "2079"]
[BlackElo "1901"]
[PlyCount "67"]
[EventDate "2018.06.12"]
[EventType "swiss"]
[EventRounds "9"]
[EventCountry "RUS"]
[SourceTitle "CBM 185 Extra"]
[Source "ChessBase"]
[SourceDate "2018.07.29"]
[SourceVersion "1"]
[SourceVersionDate "2018.07.29"]
[SourceQuality "1"]

1. e4 c5 2. c3 d5 3. exd5 Qxd5 4. d4 Nc6 5. Nf3 Bg4 6. dxc5 Qxd1+ 7. Kxd1 e5 8. Be3 Nf6 9. Be2 0-0-0+ 10. Ke1 Nd5 11. b4 e4 12. Ng5 Nxe3 13. fxe3 Bxe2 14. Kxe2 Rd7 15. Rf1 Ne5 16. Nd2 g6 17. Ndxe4 h6 18. Nf3 Nc4 19. Rad1 Bg7 20. Rxd7 Kxd7 21. Kd3 Nb2+ 22. Kc2 Nc4 23. Rd1+ Kc7 24. Rd3 Re8 25. Nfd2 Ne5 26. Nd6 Rf8 27. Rd5 Ng4 28. N2c4 Kc6 29. e4 Nxh2 30. Na5+ Kc7 31. Nb5+ Kb8 32. Rd7 b6 33. Nc6+ Kc8 34. Rc7# 1-0

[Event "Voronezh Region-ch"]
[Site "Voronezh"]
[Date "2017.12.15"]
[Round "3"]
[White "Ioffe, Evgeny"]
[Black "Tatarintsev, Egor"]
[Result "1-0"]
[WhiteElo "2125"]
[BlackElo "2125"]
[PlyCount "51"]
[EventDate "2017.12.12"]
[EventType "swiss"]
[EventRounds "9"]
[EventCountry "RUS"]
[SourceTitle "CBM 182 Extra"]
[Source "ChessBase"]
[SourceDate "2018.02.23"]
[SourceVersion "1"]
[SourceVersionDate "2018.02.23"]
[SourceQuality "1"]

1. e4 e6 2. d4 d5 3. Nd2 dxe4 4. Nxe4 Bd7 5. Nf3 Bc6 6. Bd3 Nd7 7. 0-0 Ngf6 8. Ng3 Be7 9. b3 0-0 10. Bb2 b6 11. c4 Bb7 12. Qe2 a5 13. Rad1 Re8 14. Ne5 Ra7 15. Nh5 Nxh5 16. Bxh7+ Kxh7 17. Qxh5+ Kg8 18. Qxf7+ Kh7 19. Nxd7 Bg5 20. d5 Qe7 21. dxe6 Be4 22. Bf6 Bxf6 23. Nxf6+ Qxf6 24. Qxe8 Qf5 25. f3 Ra8 26. Qd7 1-0

[Event "Voronezh op-B 21st"]
[Site "Voronezh"]
[Date "2017.06.19"]
[Round "8"]
[White "Napalkov, Vladimir Aleksandro"]
[Black "Ioffe, Evgeny"]
[Result "0-1"]
[WhiteElo "2031"]
[BlackElo "2155"]
[PlyCount "114"]
[EventDate "2017.06.12"]
[EventType "swiss"]
[EventRounds "9"]
[EventCountry "RUS"]
[SourceTitle "CBM 179 Extra"]
[Source "ChessBase"]
[SourceDate "2017.08.23"]
[SourceVersion "1"]
[SourceVersionDate "2017.08.23"]
[SourceQuality "1"]

1. d4 d5 2. c4 c6 3. Nf3 Nf6 4. Nc3 dxc4 5. a4 Bf5 6. Ne5 e6 7. Bg5 Bb4 8. Nxc4 Nbd7 9. Qb3 a5 10. e3 0-0 11. Be2 h6 12. Bh4 Qe7 13. 0-0 e5 14. Nxe5 Nxe5 15. dxe5 Qxe5 16. Rad1 Rad8 17. Bc4 Qe7 18. Rxd8 Rxd8 19. e4 Bg6 20. Re1 Qe5 21. Bg3 Qc5 22. e5 Nh5 23. e6 fxe6 24. Bxe6+ Kh7 25. Rd1 Rxd1+ 26. Nxd1 Bc2 27. Qf3 Nxg3 28. hxg3 Qe5 29. Bb3 Be4 30. Qf7 Qe7 31. Qg8+ Kg6 32. Ne3 Bc5 33. Nf1 Bd4 34. Nd2 Bd3 35. Nf3 Bf6 36. Kh2 Be4 37. g4 Be5+ 38. Kg1 Bxb2 39. Be6 Bf6 40. Bf5+ Bxf5 41. gxf5+ Kxf5 42. Qh7+ Ke6 43. Qg8+ Kd7 44. Qa8 Qb4 45. Qb8 g5 46. Qg8 g4 47. Qf7+ Qe7 48. Qb3 gxf3 49. Qxb7+ Kd6 50. Qb8+ Kc5 51. gxf3 Bd4 52. Kg2 Qg5+ 53. Kf1 Qc1+ 54. Kg2 Qd2 55. Qa7+ Kc4 56. Qa6+ Kb4 57. Qb7+ Ka3 0-1

[Event "Voronezh op-B 20th"]
[Site "Voronezh"]
[Date "2016.06.16"]
[Round "5"]
[White "Ioffe, Evgeny"]
[Black "Peschansky, Mikhail"]
[Result "1/2-1/2"]
[WhiteElo "2084"]
[BlackElo "2196"]
[PlyCount "95"]
[EventDate "2016.06.12"]
[EventType "swiss"]
[EventRounds "9"]
[EventCountry "RUS"]
[SourceTitle "EXT 2017"]
[Source "ChessBase"]
[SourceDate "2016.10.25"]
[SourceVersion "1"]
[SourceVersionDate "2016.10.25"]
[SourceQuality "1"]

1. e4 c5 2. c3 g6 3. d4 cxd4 4. cxd4 d5 5. exd5 Nf6 6. Nc3 Nxd5 7. Qb3 Nb6 8. Nf3 Bg7 9. Bb5+ Bd7 10. a4 a5 11. Ne5 0-0 12. Nxd7 N6xd7 13. Be3 Nc6 14. Rd1 Nf6 15. d5 Na7 16. Be2 Qd7 17. 0-0 Nc8 18. Rfe1 Nd6 19. Nb5 Rfc8 20. f3 Nf5 21. Bb6 Nd6 22. Bf1 Nxb5 23. Bxb5 Qd6 24. Bf2 Nh5 25. Qe3 Rc7 26. b3 Bc3 27. Re2 Bb4 28. Bc4 Nf4 29. Ra2 e6 30. Qe4 exd5 31. Qb1 Qe5 32. Bf1 Bc5 33. g3 Ne6 34. Qd3 Rd8 35. Qb5 Nd4 36. Qxa5 b6 37. Qa6 Nxf3+ 38. Kh1 Nxh2 39. Bxc5 Nxf1 40. Rxf1 bxc5 41. Qd3 d4 42. a5 Qd5+ 43. Kg1 Re8 44. Rd1 Ra7 45. a6 Kg7 46. Ra5 Qg5 47. Qxd4+ cxd4 48. Rxg5 1/2-1/2

[Event "Voronezh op-B 19th"]
[Site "Voronezh"]
[Date "2015.06.13"]
[Round "2"]
[White "Ioffe, Evgeny"]
[Black "Kabludenko, Mikhail"]
[Result "1-0"]
[WhiteElo "2061"]
[BlackElo "1337"]
[PlyCount "91"]
[EventDate "2015.06.12"]
[EventType "swiss"]
[EventRounds "9"]
[EventCountry "RUS"]
[SourceTitle "CBM 167 Extra"]
[Source "ChessBase"]
[SourceDate "2015.09.14"]
[SourceVersion "1"]
[SourceVersionDate "2015.09.14"]
[SourceQuality "1"]

1. e4 e5 2. Nf3 Nc6 3. Bc4 Nf6 4. d3 Be7 5. 0-0 0-0 6. Re1 d6 7. c3 Na5 8. Bb5 a6 9. Ba4 b5 10. Bc2 c5 11. Nbd2 Nc6 12. Nf1 Re8 13. Ng3 Bf8 14. h3 g6 15. Bb3 Bg7 16. Ng5 Re7 17. f4 Bb7 18. Rf1 h6 19. f5 hxg5 20. fxg6 c4 21. dxc4 Na5 22. Bxg5 Re6 23. gxf7+ Kxf7 24. Qf3 bxc4 25. Bc2 Qh8 26. Rf2 Rf8 27. Raf1 Ke8 28. Qe3 Nd7 29. Nf5 Bf6 30. Bxf6 Rexf6 31. Rd2 Kd8 32. Nxd6 Rf2 33. Rfxf2 Rxf2 34. Qxf2 Kc7 35. Nxb7 Nxb7 36. b4 cxb3 37. Bxb3 Qf8 38. Qxf8 Nxf8 39. Kf2 Nc5 40. Ke3 Ng6 41. g3 a5 42. h4 Nd7 43. Bf7 Nh8 44. Bh5 Nf6 45. Be2 Nf7 46. g4 1-0

[Event "Voronezh School op"]
[Site "Voronezh"]
[Date "2015.05.20"]
[Round "2"]
[White "Ioffe, Evgeny"]
[Black "Kornilov, Peter"]
[Result "0-1"]
[WhiteElo "2061"]
[BlackElo "2043"]
[PlyCount "68"]
[EventDate "2015.05.19"]
[EventType "swiss"]
[EventRounds "9"]
[EventCountry "RUS"]
[SourceTitle "EXT 2016"]
[Source "ChessBase"]
[SourceDate "2015.10.08"]
[SourceVersion "1"]
[SourceVersionDate "2015.10.08"]
[SourceQuality "1"]

1. e4 e5 2. Nf3 Nc6 3. Bc4 Be7 4. 0-0 Nf6 5. d3 0-0 6. Re1 d6 7. c3 Bg4 8. Nbd2 Nd7 9. h3 Bh5 10. Nf1 Nb6 11. Bb3 a5 12. a4 Kh8 13. Ng3 Bg6 14. Be3 Nd7 15. Qd2 Nc5 16. Bd5 Nd7 17. Bc4 Nf6 18. Nh4 d5 19. Nxg6+ hxg6 20. exd5 Nxd5 21. Qe2 Nxe3 22. fxe3 Bh4 23. Qg4 e4 24. d4 f5 25. Qxg6 Rf6 26. Qh5+ Rh6 27. Qxf5 Bxg3 28. Rf1 Qh4 29. Qb5 Bd6 30. Qf5 Qg3 31. Qxe4 Rxh3 32. Rf4 Bxf4 33. exf4 Rh4 34. Bd3 Qh2+ 0-1

[Event "Voronezh-ch op2"]
[Site "Voronezh"]
[Date "2015.04.09"]
[Round "7"]
[White "Sakorenko, Adriana"]
[Black "Ioffe, Evgeny"]
[Result "0-1"]
[WhiteElo "1776"]
[BlackElo "2036"]
[PlyCount "60"]
[EventDate "2015.04.02"]
[EventType "swiss"]
[EventRounds "9"]
[EventCountry "RUS"]
[SourceTitle "EXT 2017"]
[Source "ChessBase"]
[SourceDate "2016.10.25"]
[SourceVersion "1"]
[SourceVersionDate "2016.10.25"]
[SourceQuality "1"]

1. e4 c6 2. d4 d5 3. exd5 cxd5 4. c4 Nf6 5. Nc3 g6 6. cxd5 Nxd5 7. Qb3 Nb6 8. Bb5+ Bd7 9. a4 Bxb5 10. Qxb5+ Qd7 11. Qb3 Nc6 12. Nf3 Bg7 13. a5 Nc8 14. 0-0 0-0 15. Bf4 Nd6 16. Ne5 Qf5 17. Nxc6 bxc6 18. Bxd6 exd6 19. Qc4 Rfc8 20. Rfd1 d5 21. Qe2 Re8 22. Qd3 Qxd3 23. Rxd3 Rab8 24. Rd2 Rb4 25. Ne2 c5 26. dxc5 Rxb2 27. Rxb2 Bxb2 28. Ra2 Rxe2 29. Kf1 Rc2 30. c6 Rc1+ 0-1

[Event "Voronezh-ch op2"]
[Site "Voronezh"]
[Date "2015.04.05"]
[Round "3"]
[White "Ioffe, Evgeny"]
[Black "Strukov, Dmitry"]
[Result "1-0"]
[WhiteElo "2036"]
[BlackElo "1809"]
[PlyCount "63"]
[EventDate "2015.04.02"]
[EventType "swiss"]
[EventRounds "9"]
[EventCountry "RUS"]
[SourceTitle "EXT 2017"]
[Source "ChessBase"]
[SourceDate "2016.10.25"]
[SourceVersion "1"]
[SourceVersionDate "2016.10.25"]
[SourceQuality "1"]

1. e4 c5 2. c3 Nc6 3. d4 cxd4 4. cxd4 g6 5. d5 Nb8 6. Nc3 Bg7 7. Be3 d6 8. Nf3 Nf6 9. Be2 0-0 10. 0-0 b6 11. Rc1 Nbd7 12. Nd4 Bb7 13. Nc6 Bxc6 14. dxc6 Ne5 15. Ba6 Nxc6 16. Bb7 Ne5 17. Bxa8 Qxa8 18. Nd5 Nxd5 19. exd5 Rd8 20. Qb3 Nd7 21. Rfd1 Nc5 22. Qb5 e6 23. b4 Ne4 24. dxe6 fxe6 25. Qc6 Qxc6 26. Rxc6 Nc3 27. Rdxd6 Rxd6 28. Rxd6 Nxa2 29. Rd8+ Kf7 30. Rd7+ Kf8 31. b5 e5 32. Bd2 1-0

[Event "Voronezh School Rating 03"]
[Site "Voronezh"]
[Date "2015.03.21"]
[Round "8.4"]
[White "Cherednichenko, Dmitrij"]
[Black "Ioffe, Evgeny"]
[Result "1-0"]
[WhiteElo "2029"]
[BlackElo "1993"]
[PlyCount "91"]
[EventDate "2015.03.13"]
[EventType "swiss"]
[EventRounds "9"]
[EventCountry "RUS"]
[SourceTitle "EXT 2018"]
[Source "ChessBase"]
[SourceDate "2017.10.13"]
[SourceVersion "1"]
[SourceVersionDate "2017.10.13"]
[SourceQuality "1"]

1. d4 d5 2. c4 c6 3. cxd5 cxd5 4. Nc3 Nf6 5. Bf4 Nc6 6. e3 Bf5 7. Rc1 e6 8. Qb3 Qb6 9. Qxb6 axb6 10. a3 Be7 11. f3 0-0 12. Bb5 Rfc8 13. Nge2 h6 14. g4 Bh7 15. Kf2 Na5 16. Na4 Bd8 17. h4 Nb3 18. Rc3 Rxc3 19. Nexc3 Rc8 20. g5 Nh5 21. Be5 Bg6 22. Rd1 Na5 23. e4 dxe4 24. fxe4 Nc6 25. Bh2 hxg5 26. hxg5 Bxg5 27. Nxb6 Rd8 28. d5 exd5 29. exd5 Na7 30. d6 Nxb5 31. Nxb5 Bf4 32. Bxf4 Nxf4 33. d7 Be4 34. Ke3 Bc6 35. Kxf4 Bxb5 36. Ke5 Bxd7 37. Rxd7 Re8+ 38. Kf4 Re2 39. b4 Rf2+ 40. Kg3 Ra2 41. a4 g6 42. Rxb7 Ra3+ 43. Kf4 Kg7 44. a5 Kf6 45. Nc4 Ra4 46. Nd6 1-0

[Event "Voronezh Regional-ch"]
[Site "Voronezh"]
[Date "2014.12.06"]
[Round "2"]
[White "Ioffe, Evgeny"]
[Black "Artemov, Nikita"]
[Result "1-0"]
[WhiteElo "1991"]
[BlackElo "2053"]
[PlyCount "85"]
[EventDate "2014.12.05"]
[EventType "swiss"]
[EventRounds "9"]
[EventCountry "RUS"]
[SourceTitle "CBM 164 Extra"]
[Source "ChessBase"]
[SourceDate "2015.03.02"]
[SourceVersion "1"]
[SourceVersionDate "2015.03.02"]
[SourceQuality "1"]

1. e4 c5 2. c3 d6 3. d4 Nf6 4. Bd3 Qc7 5. Nf3 e5 6. 0-0 Be7 7. Nbd2 0-0 8. dxe5 dxe5 9. Nc4 Nc6 10. Bg5 Rd8 11. Qe2 Bg4 12. h3 Be6 13. a4 Nh5 14. Be3 b6 15. Rfd1 a6 16. Ncd2 Qd7 17. Bxa6 Bxh3 18. gxh3 Qxh3 19. Nh2 Rd6 20. Qf1 Rg6+ 21. Kh1 Qxe3 22. Bb7 Rb8 23. Bxc6 Qf4 24. Bd5 Bh4 25. Qe2 Qh6 26. Rg1 Nf4 27. Rxg6 hxg6 28. Qe3 g5 29. Ndf3 Qf6 30. Ng4 Qe7 31. Nfxe5 Rf8 32. a5 bxa5 33. Rxa5 g6 34. Bc4 Kg7 35. Ra6 Rh8 36. Kg1 Nh3+ 37. Kg2 Bxf2 38. Qf3 Nf4+ 39. Kxf2 Qe8 40. Ke1 Rh3 41. Qd1 Rg3 42. Ra7 Rg2 43. Rxf7+ 1-0

[Event "Voronezh Regional-ch"]
[Site "Voronezh"]
[Date "2014.12.05"]
[Round "1"]
[White "Klimentov, Roman"]
[Black "Ioffe, Evgeny"]
[Result "1-0"]
[WhiteElo "2257"]
[BlackElo "1991"]
[PlyCount "67"]
[EventDate "2014.12.05"]
[EventType "swiss"]
[EventRounds "9"]
[EventCountry "RUS"]
[SourceTitle "CBM 164 Extra"]
[Source "ChessBase"]
[SourceDate "2015.03.02"]
[SourceVersion "1"]
[SourceVersionDate "2015.03.02"]
[SourceQuality "1"]

1. e4 c6 2. d4 d5 3. Nd2 dxe4 4. Nxe4 Bf5 5. Ng3 Bg6 6. h4 h6 7. Nf3 Nd7 8. h5 Bh7 9. Bd3 Bxd3 10. Qxd3 e6 11. Bd2 Ngf6 12. 0-0-0 Qc7 13. Ne4 0-0-0 14. g3 Nxe4 15. Qxe4 Nf6 16. Qe2 Bd6 17. c4 c5 18. Bc3 Rhe8 19. Kb1 a6 20. Rc1 Qc6 21. Rh4 Bc7 22. Ne5 Bxe5 23. dxe5 Nd7 24. Rg4 Rg8 25. Rf4 Rdf8 26. Rd1 Nb8 27. Rd6 Qh1+ 28. Kc2 Nc6 29. Qe3 Qxh5 30. Qxc5 Qg6+ 31. Kb3 Kc7 32. Rxc6+ bxc6 33. Qa7+ Kc8 34. Rd4 1-0

[Event "Voronezh CC-ch"]
[Site "Voronezh"]
[Date "2014.10.21"]
[Round "4"]
[White "Abramova, Yulia"]
[Black "Ioffe, Evgeny"]
[Result "1/2-1/2"]
[WhiteElo "1976"]
[BlackElo "1991"]
[PlyCount "55"]
[EventDate "2014.10.17"]
[EventType "swiss"]
[EventRounds "9"]
[EventCountry "RUS"]
[SourceTitle "CBM 163 Extra"]
[Source "ChessBase"]
[SourceDate "2014.12.23"]
[SourceVersion "1"]
[SourceVersionDate "2014.12.23"]
[SourceQuality "1"]

1. e4 e5 2. Nf3 Nc6 3. Bb5 a6 4. Bxc6 dxc6 5. 0-0 Bg4 6. h3 Bh5 7. d3 f6 8. Be3 Bd6 9. c4 c5 10. Nc3 Ne7 11. g4 Bf7 12. Nh4 g6 13. Kh1 g5 14. Nf5 Nxf5 15. exf5 Qd7 16. Ne4 Qc6 17. f3 Be7 18. Qe2 0-0-0 19. Kg2 b6 20. a3 Kb7 21. Rab1 h5 22. Rh1 Qd7 23. Nf2 a5 24. Qc2 Be8 25. b3 Qd6 26. Rbd1 Bc6 27. Ne4 Qd7 28. a4 1/2-1/2

[Event "Voronezh CC-ch"]
[Site "Voronezh"]
[Date "2014.10.17"]
[Round "1"]
[White "Ioffe, Evgeny"]
[Black "Lukovnikov, Alexander"]
[Result "0-1"]
[WhiteElo "1991"]
[BlackElo "2252"]
[PlyCount "67"]
[EventDate "2014.10.17"]
[EventType "swiss"]
[EventRounds "9"]
[EventCountry "RUS"]
[SourceTitle "CBM 163 Extra"]
[Source "ChessBase"]
[SourceDate "2014.12.23"]
[SourceVersion "1"]
[SourceVersionDate "2014.12.23"]
[SourceQuality "1"]

1. e4 e5 2. Nf3 Nc6 3. Bc4 Nf6 4. d3 d5 5. exd5 Nxd5 6. 0-0 Be7 7. Re1 Bg4 8. h3 Bh5 9. Bb5 f6 10. d4 0-0 11. Bxc6 bxc6 12. g4 e4 13. gxh5 exf3 14. c4 Nb6 15. c5 Nd5 16. Qxf3 f5 17. Nc3 Bf6 18. Nxd5 cxd5 19. Bf4 Rb8 20. Re2 Rb4 21. Rd1 c6 22. Qe3 Kh8 23. a3 Rb7 24. Bd6 Rg8 25. Qe6 f4 26. Rd3 f3 27. Rxf3 Bxd4 28. Be7 Qc8 29. Qxc8 Rxc8 30. Bd6 Kg8 31. Kg2 Bf6 32. Kg3 a5 33. b4 Ra7 34. Kg4 0-1

[Event "Voronezh op-B 18th"]
[Site "Voronezh"]
[Date "2014.06.19"]
[Round "8"]
[White "Ioffe, Evgeny"]
[Black "Sedykh, Egor"]
[Result "1-0"]
[WhiteElo "2028"]
[BlackElo "1905"]
[PlyCount "75"]
[EventDate "2014.06.12"]
[EventType "swiss"]
[EventRounds "9"]
[EventCountry "RUS"]
[SourceTitle "EXT 2015"]
[Source "ChessBase"]
[SourceDate "2014.11.20"]
[SourceVersion "1"]
[SourceVersionDate "2014.11.20"]
[SourceQuality "1"]

1. e4 c5 2. c3 d5 3. exd5 Qxd5 4. d4 cxd4 5. cxd4 Nc6 6. Nf3 e6 7. Nc3 Qa5 8. Be2 Nf6 9. 0-0 a6 10. Re1 Be7 11. Ne5 Nb4 12. Bg5 0-0 13. Bf3 Nbd5 14. Qd2 Bb4 15. Rac1 Nxc3 16. bxc3 Be7 17. Rb1 Nd5 18. Bxe7 Nxe7 19. Bxb7 Bxb7 20. Rxb7 Nd5 21. Rc1 Rac8 22. Rb3 Rc7 23. Nd3 Rfc8 24. Nc5 Rc6 25. g3 h6 26. Qb2 e5 27. Rb7 exd4 28. cxd4 Qd8 29. Re1 Qf6 30. Re5 Rd8 31. Qe2 Rb6 32. Nd7 Rxb7 33. Nxf6+ Nxf6 34. Qxa6 Rbd7 35. a4 Rxd4 36. a5 h5 37. h4 Rd2 38. Qb7 1-0